New comparative government: (Record no. 157621)

MARC details
000 -LEADER
fixed length control field 00707nam a22002057a 4500
005 - DATE AND TIME OF LATEST TRANSACTION
control field 20180922115112.0
010 ## - LCCN (DPL NO)
LC control number ENG-124023
020 ## - INTERNATIONAL STANDARD BOOK NUMBER
Terms of availability 295.00
International Standard Book Number 8183820611
035 ## - SYSTEM CONTROL NUMBER
System control number EN-107555
037 ## - SOURCE OF ACQUISITION
Source of stock number/acquisition DBAD/PUB
082 ## - DEWEY DECIMAL CLASSIFICATION NUMBER
Classification number 320.3
100 ## - MAIN ENTRY--PERSONAL NAME
Personal name Johari, J.C.
245 ## - TITLE STATEMENT
Title New comparative government:
Statement of responsibility, etc by J.C. Johari
Remainder of title (a concise study of domestic politics around the world) /
250 ## - EDITION STATEMENT
Edition statement 2nd revised ed.
260 ## - PUBLICATION, DISTRIBUTION, ETC. (IMPRINT)
Place of publication, distribution, etc New Delhi
Date of publication, distribution, etc 2011
Name of publisher, distributor, etc Lotus Press
270 ## - ADDRESS
City New Delhi
Address 4263/3, Ansari Raod, Darya Ganj,
Postal code 110002
300 ## - PHYSICAL DESCRIPTION
Extent 730p.
Dimensions 21(pbk.)
500 ## - GENERAL NOTE
General note It includes appendix: recent political developments new constitution of Switzerland
942 ## - ADDED ENTRY ELEMENTS (KOHA)
Source of classification or shelving scheme Dewey Decimal Classification
Item type English Books
Classification part 320.3
Call number suffix JOH
Holdings
Withdrawn status Lost status Not for loan Collection code Home library Current library Date acquired Source of acquisition Cost, normal purchase price Full call number Barcode Copy number Cost, replacement price Koha item type
    Not For Loan Non-fiction D.B.Act.Division Sarojini Nagar 22/09/2018 DBAD/PUB 295.00 320.3 JOH EN-107555 1 295.00 English Books
      Non-fiction Sarojini Nagar Sarojini Nagar 28/10/2020     320.3 JOH B-219443   195.00 English Books

© Delhi Public Library
Hit Counter
free hit counter